El abrazo de la serpiente [DVD] : un sueño amazónico / director Ciro Guerra (Record no. 3503)
[ view plain ]
| 000 -LEADER | |
|---|---|
| campo de control de longitud fija | 01617nam a2200217Ia 4500 |
| 008 - DATOS DE LONGITUD FIJA--INFORMACIÓN GENERAL | |
| campo de control de longitud fija | 181205s9999 xx 000 0 und d |
| 041 ## - CÓDIGO DE IDIOMA | |
| Código de lengua del texto/banda sonora o título independiente | spa |
| 082 ## - NÚMERO DE LA CLASIFICACIÓN DECIMAL DEWEY | |
| Número de clasificación | 791.4309861 A17 |
| 040 ## - FUENTE DE CATALOGACIÓN | |
| Centro catalogador/agencia de origen | CO-BoRNBP |
| Lengua de catalogación | spa |
| Normas de descripción | rda |
| Centro/agencia transcriptor | CO-BoRNBP |
| 100 ## - ENTRADA PRINCIPAL--NOMBRE DE PERSONA | |
| Nombre de persona | Guerra, Ciro |
| 245 #0 - MENCIÓN DEL TÍTULO | |
| Título | El abrazo de la serpiente [DVD] : un sueño amazónico / director Ciro Guerra |
| 264 ## - PRODUCCIÓN, PUBLICACIÓN, DISTRIBUCIÓN, FABRICACIÓN Y COPYRIGHT | |
| Producción, publicación, distribución, fabricación y copyright | [Bogotá] : Caracol Televisión : Ciudad Lunar |
| 300 ## - DESCRIPCIÓN FÍSICA | |
| Extensión | "1 DVD (125 minutos) : sonido, color, digital ; 19 cm." |
| 336 ## - TIPO DE CONTENIDO | |
| Término de tipo de contenido | texto |
| Código de tipo de contenido | txt |
| Fuente | rdacontent |
| 337 ## - TIPO DE MEDIO | |
| Nombre/término del tipo de medio | sin mediación |
| Código del tipo de medio | n |
| Fuente | rdamedia |
| 338 ## - TIPO DE SOPORTE | |
| Nombre/término del tipo de soporte | volumen |
| Código del tipo de soporte | nc |
| Fuente | rdacarrier |
| 500 ## - NOTA GENERAL | |
| Nota general | "Resumen, tomado del estuche: ""El abrazo de la serpiente cuenta la épica historia del primer contacto, encuentro, acercamiento, traición y posible amistad entre Karamakate, un chamán amazónico, último sobreviviente de su tribu, y dos científicos que con cuarenta años de diferencia recorren el Amazonas en busca de una planta sagrada que podía curar sus males. Inspirada en los diarios de los primeros exploradores que recorrieron la Amazonia colombiana, Theodor Koch-Grunberg y Richard Evans Schules"" \ Recomendado para un público mayor de 15 años \ Diálogos en español con subtítulos en inglés \ Película nominada al Oscar 2016, mejor película en lengua extranjera \ Película ganadora del Premio Art Cinema en la Quincena de Realizadores en Cannes 2015" |
| 650 ## - PUNTO DE ACCESO ADICIONAL DE MATERIA--TÉRMINO DE MATERIA | |
| Término de materia o nombre geográfico como elemento de entrada | Indigenas De Colombia - Vida Social Y Costumbres - Videodiscos |
| 650 ## - PUNTO DE ACCESO ADICIONAL DE MATERIA--TÉRMINO DE MATERIA | |
| Término de materia o nombre geográfico como elemento de entrada | Peliculas Cinematograficas Colombianas - Videodiscos |
| 651 ## - PUNTO DE ACCESO ADICIONAL DE MATERIA--NOMBRE GEOGRÁFICO | |
| Nombre geográfico | Amazonas (Region, Colombia) - Descubrimiento Y Exploraciones - Videodiscos |
No items available.